000 00874cam a2200241 4500
008 #DATE n1993 000 0 eng u
020 _a087371590X
035 _a(Sirsi) u120187
041 _aeng
050 _a574.52632
100 _aLyon, J.
245 _aPractical handbook for wetland identification and delineation
260 _aFlorida
_bCRC Press Ltd
_c1993
300 _a157p.
_c25cm.
350 _a68
520 _aDefines wetlands, describes their characteristics, and provides a variety of methods to identify their extent. Chapters examine the soil, hydrology, and plant characteristics of wetlands and the general chemical and biological processes that create these wetland environments.
650 _aCONSERVATION
650 _aSOIL
650 _aWETLANDS
650 _aHYDROLOGY
690 _aENVIRONMENTAL AND LAND CONSULTANCY
942 _n0
999 _c102502
_d102502